| 000 | 00763nam a2200241 a 4500 | ||
|---|---|---|---|
| 005 | 20210223123939.0 | ||
| 008 | 991125n 000 0 spa u | ||
| 035 | _aUPN01000084784 | ||
| 100 | 1 | _aGómez Pantoja, Aurora | |
| 222 |
_aEDUCACION Y BIBLIOTECA : _bREVISTA MENSUAL DE DOCUMENTACION Y RECURSOS DIDACTICOS |
||
| 245 | _aLa libertad de acceso a la información como conflicto ético : el caso francés | ||
| 300 | _a26-28 | ||
| 362 | 0 | _a1997 Vol. 9, no. 85 | |
| 653 | 0 | _aACCESO A LA INFORMACION | |
| 653 | 0 | _aBIBLITOECARIOS FRANCESES | |
| 653 | 0 | _aBIBLIOTECAS FRANCESAS | |
| 653 | 0 | _aCENSURA | |
| 653 | 0 | _aLIBERTAD DE EXPRESION | |
| 700 | 1 |
_aPérez Pulido, Margarita _934824 |
|
| 700 | 1 | _ecoaut. | |
| 904 |
_aAC _b022595 |
||
| 905 | _aArticulo | ||
| 999 |
_c71481 _d71481 |
||